000 01466cam a2200325 4500
008 031117n2003 000 0 eng u
020 _a1860816312
035 _a(Sirsi) u124350
041 _aeng
050 _a690.16
_c18
100 _aPye, P.W.
245 _aFloors and flooring
_bperformance, diagnosis, maintenance, repair and the avoidance of defects
250 _a2nd ed.
260 _aLondon
_bBRE
_c2003
300 _avii, 303p.
_c30cm
350 _a45
490 _aBRE Building Elements
490 _aBR
_v460
520 _aDescribes the materials and production methods and criteria which are used in the construction of floors and flooring. Emphasises the features of floors and flooring which ensure good performance and highlights what can go wrong in order so that defects can be avoided. Provides a checklist of points of concern and where to obtain further information and advice. Illustrations enhance points made in the text. Also includes case studies and a surveyor's inspection list appears at the end of each chapter on floor types and coverings.
520 _aSupersedes 1st edition (1860811736)
650 _aBUILT ENVIRONMENT-BUILDING ELEMENTS-COMPLETE BUILDING ELEMENTS-FLOORS
650 _aFLOORING
650 _aPERFORMANCE
650 _aRefurbishment
_96264
650 _aREPAIR
650 _aDEFECTS
690 _aBUILDING AND CONSTRUCTION-REPAIRS AND MAINTENANCE
700 _aHarrison, H. W.
942 _n0
999 _c103214
_d103214